Boundary value problems : And partial differential equations
This text is designed for a one-semester or two-quarter course in partial differential equations given to third- and fourth-year students of engineering and science. It can also be used as the basis for an introductory course for graduate students. Mathematical prerequisites have been kept to a mini...
Bewaard in:
| Hoofdauteur: | |
|---|---|
| Formaat: | Boek |
| Taal: | Undetermined |
| Gepubliceerd in: |
Boston
Elsevier Academic Press
2006
|
| Onderwerpen: | |
| Tags: |
Voeg label toe
Geen labels, Wees de eerste die dit record labelt!
|
| Thư viện lưu trữ: | Trung tâm Học liệu Trường Đại học Cần Thơ |
|---|
| LEADER | 01200nam a2200229Ia 4500 | ||
|---|---|---|---|
| 001 | CTU_236370 | ||
| 008 | 210402s9999 xx 000 0 und d | ||
| 082 | |a 515.353 | ||
| 082 | |b P888 | ||
| 100 | |a Powers, David L. | ||
| 245 | 0 | |a Boundary value problems : | |
| 245 | 4 | |b And partial differential equations | |
| 245 | 0 | |c David L. Powers. | |
| 260 | |a Boston | ||
| 260 | |b Elsevier Academic Press | ||
| 260 | |c 2006 | ||
| 520 | |a This text is designed for a one-semester or two-quarter course in partial differential equations given to third- and fourth-year students of engineering and science. It can also be used as the basis for an introductory course for graduate students. Mathematical prerequisites have been kept to a minimum — calculus and differential equations. Vector calculus is used for only one derivation, and necessary linear algebra is limited to determinants of order two. A reader needs enough background in physics to follow the derivations of the heat and wave equations | ||
| 526 | |a TNL612 | ||
| 650 | |a Boundary value problems,Vấn đề giá trị biên | ||
| 904 | |i Giang | ||
| 910 | |a Tuyến | ||
| 980 | |a Trung tâm Học liệu Trường Đại học Cần Thơ | ||